[Event "POL-chT3 2010/11"]
[Site "Wielkopolska"]
[Date "2011.02.14"]
[Round "6"]
[White "Markiewicz, Tomasz"]
[Black "Markowski, Piotr"]
[Result "1/2-1/2"]
[WhiteElo "2014"]
[BlackElo "2167"]
[PlyCount "91"]
[EventDate "2010.11.28"]
[EventType "team-tourn"]
[EventRounds "11"]
[EventCountry "POL"]
[SourceTitle "EXT 2019"]
[Source "ChessBase"]
[SourceDate "2018.10.10"]
[SourceVersion "1"]
[SourceVersionDate "2018.10.10"]
[SourceQuality "1"]
[WhiteTeam "Poznan Raszyn"]
[BlackTeam "Rawicz Korona Rawbud"]
[WhiteTeamCountry "POL"]
[BlackTeamCountry "POL"]

1. e4 c5 2. d4 cxd4 3. Qxd4 Nc6 4. Qe3 Nf6 5. Nf3 e5 6. Nc3 d5 7. exd5 Nxd5 8. Nxd5 Qxd5 9. Qd3 Be6 10. Qxd5 Bxd5 11. Be3 f5 12. Bb5 f4 13. Bd2 0-0-0 14. Bxc6 Bxc6 15. 0-0-0 Bd6 16. Bc3 Bxf3 17. gxf3 Bc7 18. Rhg1 g6 19. Rg5 Rhe8 20. h4 Rxd1+ 21. Kxd1 Bd8 22. Rxe5 Rxe5 23. Bxe5 Bxh4 24. Ke2 Bg5 25. Kd3 Kd7 26. Ke4 Ke6 27. c4 Bf6 28. Bxf6 Kxf6 29. Kxf4 a5 30. b3 h5 31. a3 g5+ 32. Kg3 Kf5 33. b4 axb4 34. axb4 h4+ 35. Kh3 Ke5 36. Kg4 Kd4 37. f4 gxf4 38. Kxh4 Kxc4 39. Kg4 Kxb4 40. Kxf4 b5 41. Ke5 Kc4 42. f4 b4 43. f5 b3 44. f6 b2 45. f7 b1Q 46. f8Q 1/2-1/2

[Event "POL-chT3 2010/11"]
[Site "Wielkopolska"]
[Date "2011.01.23"]
[Round "4"]
[White "Markowski, Piotr"]
[Black "Fengier, Winicjusz"]
[Result "1-0"]
[WhiteElo "2167"]
[BlackElo "2097"]
[PlyCount "54"]
[EventDate "2010.11.28"]
[EventType "team-tourn"]
[EventRounds "11"]
[EventCountry "POL"]
[SourceTitle "EXT 2019"]
[Source "ChessBase"]
[SourceDate "2018.10.10"]
[SourceVersion "1"]
[SourceVersionDate "2018.10.10"]
[SourceQuality "1"]
[WhiteTeam "Rawicz Korona Rawbud"]
[BlackTeam "Gniezno LKS Chrobry II"]
[WhiteTeamCountry "POL"]
[BlackTeamCountry "POL"]

1. c4 c5 2. Nf3 Nf6 3. d4 cxd4 4. Nxd4 e5 5. Nb5 d5 6. cxd5 Bc5 7. e3 a6 8. N5c3 b5 9. a3 e4 10. b4 Bd6 11. Bb2 0-0 12. Nd2 Re8 13. Be2 Bb7 14. 0-0 Nbd7 15. f3 exf3 16. Bxf3 Qb6 17. Re1 Rxe3 18. Kh1 Rae8 19. Nde4 Rxe1+ 20. Qxe1 Nxe4 21. Nxe4 f5 22. Qh4 fxe4 23. Bxe4 g6 24. Bxg6 Re7 25. Rf1 Be5 26. Qxe7 hxg6 27. Bxe5 Nxe5 1-0